Team spirit. (Record no. 60703)

MARC details
000 -LEADER
fixed length control field 00683cam a2200157 4500
001 - CONTROL NUMBER
control field ABS61017
008 - FIXED-LENGTH DATA ELEMENTS--GENERAL INFORMATION
fixed length control field 000000n1999 000 0 eng u
035 ## - SYSTEM CONTROL NUMBER
System control number (Sirsi) u101571
100 ## - MAIN ENTRY--PERSONAL NAME
Personal name Benyon, L.
245 ## - TITLE STATEMENT
Title Team spirit.
260 ## - PUBLICATION, DISTRIBUTION, ETC.
Date of publication, distribution, etc. 1999
490 ## - SERIES STATEMENT
Series statement Property Week
Volume/sequential designation 64(27) 9 July 1999, 30-31(2)
520 ## - SUMMARY, ETC.
Summary, etc. Looks at the potential benefits for surveying firms and their clients of 'teaming'. Mainly used in the advertising industry, teaming is a system where clients are given a principal contact in the firm who heads a specialist team dealing with all the client's business requirements.
690 ## - LOCAL SUBJECT ADDED ENTRY--TOPICAL TERM (OCLC, RLIN)
Topical term or geographic name as entry element MANAGEMENT-BUSINESS MANAGEMENT-PROFESSIONAL PRACTICE
942 ## - ADDED ENTRY ELEMENTS (KOHA)
Suppress in OPAC 0
Holdings
Withdrawn status Lost status Source of classification or shelving scheme Damaged status Not for loan Home library Current library Shelving location Date acquired Total Checkouts Full call number Barcode Date last seen Copy number Price effective from Koha item type
    Dewey Decimal Classification     London London Journal article 05/11/1999   ABS61017 101571-1001 06/08/2019 1 06/08/2019 Journal article